सावळ्या रे (Record no. 1086429)

MARC details
000 -LEADER
fixed length control field 00630nam a2200205Ia 4500
008 - FIXED-LENGTH DATA ELEMENTS--GENERAL INFORMATION
fixed length control field 151119s9999||||xx |||||||||||||| ||und||
082 ## - DEWEY DECIMAL CLASSIFICATION NUMBER
Classification number 891.461दिघे/सावळ्या
082 ## - DEWEY DECIMAL CLASSIFICATION NUMBER
Item number GKKV34136
100 ## - MAIN ENTRY--PERSONAL NAME
Personal name "दिघे, अनघा"
245 ## - TITLE STATEMENT
Title सावळ्या रे
260 ## - PUBLICATION, DISTRIBUTION, ETC. (IMPRINT)
Place of publication, distribution, etc मुंबई
260 ## - PUBLICATION, DISTRIBUTION, ETC. (IMPRINT)
Name of publisher, distributor, etc अविष्कार पब्लिकेशन
260 ## - PUBLICATION, DISTRIBUTION, ETC. (IMPRINT)
Date of publication, distribution, etc 2003
300 ## - PHYSICAL DESCRIPTION
Extent 93p.
600 ## - SUBJECT ADDED ENTRY--PERSONAL NAME
Personal name "दिघे, अनघा"
630 ## - SUBJECT ADDED ENTRY--UNIFORM TITLE
Uniform title सावळ्या रे
700 ## - ADDED ENTRY--PERSONAL NAME
Personal name "दिघे, अनघा"
730 ## - ADDED ENTRY--UNIFORM TITLE
Uniform title सावळ्या रे
942 ## - ADDED ENTRY ELEMENTS (KOHA)
Koha item type Book
Holdings
Withdrawn status Lost status Damaged status Not for loan Home library Current library Date acquired Cost, normal purchase price Total Checkouts Full call number Barcode Date last seen Cost, replacement price Price effective from Koha item type
        G.K. Khandekar Vachanalaya, Mulund G.K. Khandekar Vachanalaya, Mulund 02/21/2015 30.00   GKKV34136 GKKV34136 11/19/2015 30.00 11/19/2015 Book